مكتبة جامعة عجلون الوطنية

فهرس بحث المكتبة

تداخل الأجناس في الرواية العربية (ثرثرة فوق النيل أنموذجا) = The Intersection of Genres And Manifestations of Gender In Arabic Novel (Tharthara Fawqa al-Nil as a Model) / (Record no. 33911)

MARC details
000 -LEADER
fixed length control field 01131nam a22002057a 4500
003 - CONTROL NUMBER IDENTIFIER
control field JO-AjAnu
005 - DATE AND TIME OF LATEST TRANSACTION
control field 20250323095924.0
008 - FIXED-LENGTH DATA ELEMENTS--GENERAL INFORMATION
fixed length control field 250317b jo ||||| |||| 00| 0 ara d
040 ## - CATALOGING SOURCE
Original cataloging agency JO-AjAnu
Language of cataloging ara
Transcribing agency JO-AjAnu
Modifying agency JO-AjAnu
Description conventions rda
041 ## - LANGUAGE CODE
Language code of text/sound track or separate title ara
Language code of original ara
050 ## - LIBRARY OF CONGRESS CALL NUMBER
Classification number PJ7577
Item number 2025
100 #1 - MAIN ENTRY--PERSONAL NAME
Personal name الخوالدة، منى محمد
Relator term معد
9 (RLIN) 66535
245 #0 - TITLE STATEMENT
Title تداخل الأجناس في الرواية العربية (ثرثرة فوق النيل أنموذجا) = The Intersection of Genres And Manifestations of Gender In Arabic Novel (Tharthara Fawqa al-Nil as a Model) /
Statement of responsibility, etc. اعداد منى محمد الخوالدة ؛ اشراف عبدالرحيم عزام مراشدة
260 ## - PUBLICATION, DISTRIBUTION, ETC.
Date of publication, distribution, etc. 2025
300 ## - PHYSICAL DESCRIPTION
Extent 135 ورقة
504 ## - BIBLIOGRAPHY, ETC. NOTE
Bibliography, etc. note رسالة جامعية ( رسالة ماجستير في اللغة العربية) - جامعة عجلون الوطنية، (عجلون، الاردن) - كلية الآداب، قسم اللغة العربية، 2025.
650 #0 - SUBJECT ADDED ENTRY--TOPICAL TERM
Topical term or geographic name entry element القصة العربية - تاريخ ونقد
9 (RLIN) 66536
700 #1 - ADDED ENTRY--PERSONAL NAME
Personal name مراشدة، عبدالرحيم عزام
Relator term مشرف
9 (RLIN) 66076
942 ## - ADDED ENTRY ELEMENTS (KOHA)
Source of classification or shelving scheme Library of Congress Classification
Koha item type Thesis
Suppress in OPAC No
Holdings
Withdrawn status Lost status Source of classification or shelving scheme Damaged status Not for loan Home library Current library Date acquired Total Checkouts Full call number Barcode Date last seen Price effective from Koha item type
    Library of Congress Classification     مكتبة جامعة عجلون الوطنية مكتبة جامعة عجلون الوطنية 17/03/2025   PJ7577 2025 a30223 17/03/2025 17/03/2025 Thesis
    Library of Congress Classification     مكتبة جامعة عجلون الوطنية مكتبة جامعة عجلون الوطنية 17/03/2025   PJ7577 2025 a30222 17/03/2025 17/03/2025 Thesis